| 000 | 01299nam a22003375a 4500 | ||
|---|---|---|---|
| 005 | 2009052801051.0 | ||
| 008 | 090224s2009 ii b 001 0 eng d | ||
| 010 | _aENG-93778 | ||
| 020 |
_a019569936X _c545.00 |
||
| 020 |
_a9780195699364 _c545.00 |
||
| 035 | _aEN-77311 | ||
| 037 | _aDBAD / PUB | ||
| 040 |
_adpl _bEnglish |
||
| 082 | _a181.4 | ||
| 100 | _aRaghuramaraju, A. | ||
| 245 |
_aEnduring colonialism : _bclassical presences and modern absences in Indian philosophy / _cby A. Raghuramaraju |
||
| 260 |
_aNew Delhi _bOxford University Press _c2009 |
||
| 270 |
_aYMCA Library Building, Jai Singh Road, _bNew Delhi _e110001 |
||
| 300 |
_ax, 153 p. ; _c23cm(Hb) |
||
| 500 | _aArticles; some previously published. | ||
| 500 | _aIncludes index. | ||
| 504 | _aIncludes bibliographical references | ||
| 520 | _aChiefly on Desire and libearion by Vaddera Chandidas, b. 1938. | ||
| 600 |
_aChandidas, Vaddera, _tDesire and liberation. |
||
| 650 | _aReality. | ||
| 650 | _aMetaphysics. | ||
| 650 | _aPhilosophy, Indic. | ||
| 650 | _aExistentialism. | ||
| 942 |
_2ddc _cEN _h181.4 _mRAG |
||
| 999 |
_c26886 _d26886 |
||